Making comics : (Record no. 536)

MARC details
000 -LEADER
fixed length control field 00994cam a2200277 a 4500
005 - DATE AND TIME OF LATEST TRANSACTION
control field 20260322212024.0
008 - FIXED-LENGTH DATA ELEMENTS--GENERAL INFORMATION
fixed length control field data
010 ## - LIBRARY OF CONGRESS CONTROL NUMBER
LC control number 2006287667
020 ## - INTERNATIONAL STANDARD BOOK NUMBER
International Standard Book Number 9780060780944 (pbk.)
020 ## - INTERNATIONAL STANDARD BOOK NUMBER
International Standard Book Number 0060780940 (pbk.)
040 ## - CATALOGING SOURCE
Original cataloging agency BKL
Transcribing agency BKL
Modifying agency DLC
-- YDXCP
-- OCLCQ
-- DLC
042 ## - AUTHENTICATION CODE
Authentication code lccopycat
050 00 - LIBRARY OF CONGRESS CALL NUMBER
Classification number PN6710
Item number .M3325 2006
092 ## - LOCALLY ASSIGNED DEWEY CALL NUMBER (OCLC)
Classification number 741.51 M3325 2006
001 - CONTROL NUMBER
control field data
100 1# - MAIN ENTRY--PERSONAL NAME
Personal name McCloud, Scott,
Dates associated with a name 1960-
245 10 - TITLE STATEMENT
Title Making comics :
Remainder of title storytelling secrets of comics, manga and graphic novels /
Statement of responsibility, etc. Scott McCloud.
250 ## - EDITION STATEMENT
Edition statement 1st ed.
260 ## - PUBLICATION, DISTRIBUTION, ETC.
Place of publication, distribution, etc. New York :
Name of publisher, distributor, etc. Harper,
Date of publication, distribution, etc. c2006.
300 ## - PHYSICAL DESCRIPTION
Extent 264 p. :
Other physical details ill. ;
Dimensions 26 cm.
504 ## - BIBLIOGRAPHY, ETC. NOTE
Bibliography, etc. note Includes bibliographical references (p. 256-257) and index.
650 #0 - SUBJECT ADDED ENTRY--TOPICAL TERM
Topical term or geographic name entry element Comic books, strips, etc.
General subdivision Authorship.
906 ## - LOCAL DATA ELEMENT F, LDF (RLIN)
a 7
b cbc
c copycat
d 2
e ncip
f 20
g y-gencatlg
925 0# -
-- acquire
-- 2 shelf copies
-- policy default
955 ## - COPY-LEVEL INFORMATION (RLIN)
-- lg14 2007-02-21
-- lg14 2007-02-21 to Dewey
Holdings
Withdrawn status Lost status Damaged status Not for loan Home library Current library Shelving location Date acquired Total checkouts Full call number Barcode Date last seen Price effective from Koha item type
        Centerville Centerville General stacks 22/03/2026   PN6710 .M3325 2006 BC0010549 22/03/2026 22/03/2026 Books